|
|
|
|
| LEADER |
00758ncm a22002052a 4500 |
| 001 |
001144964 |
| 003 |
CZ BrMZK |
| 005 |
20111011103403.0 |
| 007 |
qu |
| 008 |
110418s1949 ru |||||||||||||||||zxx d |
| 040 |
|
|
|a BOA001
|b cze
|
| 072 |
|
7 |
|a 786
|x Hudba pro klávesové nástroje
|2 Konspekt
|9 9
|
| 100 |
1 |
|
|a Glièr, Rejngol‘d Moricevič,
|d 1875-1956
|7 jo2002162971
|4 cmp
|
| 245 |
1 |
0 |
|a Sceny i tancy iz baleta "Mednyj vsadnik" dlja fortepiano.
|n tetrad' 2
|h [hudebnina] /
|c Rejngold Moricevič Glier
|
| 260 |
|
|
|a Moskva :
|b Gosudarstvennoje muzykal'noje izdatel'stvo,
|c 1949
|
| 300 |
|
|
|a 41 s.
|
| 910 |
|
|
|a BOA001
|b Mus4-0266.828,2
|
| 990 |
|
|
|a MU
|
| 991 |
|
|
|b 201104
|
| 996 |
6 |
|
|b 2619510506
|c Mus4-0266.828,2
|l MZK
|r Sklad / do 1 hodiny
|n 0
|w 001177479
|u 000010
|a 1
|e BOA001
|j MZK50
|s P
|